Catàleg del Col·legi de Periodistes de Catalunya

La Codorniz : (Registre núm. 7479)

000 -CABECERA
Longitud fija campo de control 00915nam a2200277 a 4500
001 - NÚMERO DE CONTROL
Número de control 991051865119706706
003 - IDENTIFICADOR DEL NÚMERO DE CONTROL
Identificador del número de control OSt
005 - FECHA Y HORA DE LA ÚLTIMA TRANSACCIÓN
Fecha y hora de la última transacción 20211201141211.0
008 - CÓDIGOS DE INFORMACIÓN DE LONGITUD FIJA
Códigos de información de longitud fija 990915s1988 sp a || 000 ||spa|c
020 ## - NÚMERO INTERNACIONAL NORMALIZADO PARA LIBROS
Número Internacional Normalizado para Libros (ISBN) 848630525X
035 ## - NÚMERO DE CONTROL DEL SISTEMA
Número de control del sistema (ES-BaCBU)b23708116-34csuc_network
035 ## - NÚMERO DE CONTROL DEL SISTEMA
Número de control del sistema (ES-BaCBU).b23708116
035 ## - NÚMERO DE CONTROL DEL SISTEMA
Número de control del sistema (ccuc001)b23708116
040 ## - FUENTE DE LA CATALOGACIÓN
Centro catalogador de origen ES-BaCBU
Lengua de catalogación cat
Centro transcriptor CDMR
080 ## - NÚMERO DE LA CLASIFICACIÓN DECIMAL UNIVERSAL
Número de la Clasificación Decimal Universal 05(46)
245 03 - MENCIÓN DE TÍTULO
Título La Codorniz :
Resto del título antología 1944-1950 /
Mención de responsabilidad, etc. [asesoramiento Chumy Chumez ; selección José Manuel Salcedo ; maqueta Concha Langle, Eloy G. Tizón]
260 ## - PUBLICACIÓN, DISTRIBUCIÓN, ETC. (PIE DE IMPRENTA)
Lugar de publicación, distribución, etc. Madrid :
Nombre del editor, distribuidor, etc. Arnao,
Fecha de publicación, distribución, etc. DL 1988
300 ## - DESCRIPCIÓN FÍSICA
Extensión 255 p. :
Otras características físicas il.;
Dimensiones 21 cm
630 #0 - PUNTO DE ACCESO ADICIONAL DE MATERIA - TÍTULO UNIFORME
9 (RLIN) 4750
Título uniforme La Codorniz (Revista)
650 #0 - PUNTO DE ACCESO ADICIONAL DE MATERIA - TÉRMINO DE MATERIA
9 (RLIN) 3162
Término de materia o nombre geográfico como elemento inicial Humorisme gràfic
Subdivisión geográfica Espanya
Subdivisión de materia general Història
700 1# - PUNTO DE ACCESO ADICIONAL - NOMBRE DE PERSONA
9 (RLIN) 2681
Nombre de persona Chumez, Chumy
907 ## - ELEMENTO G DATOS LOCALES, GDL (RLIN)
a .b23708116
b 26-02-21
c 08-05-08
d 15-09-99
e m
f a
g -
h spa
i sp
j 3
k 1
908 ## - CONTROL DE PARÁMETROS (RLIN)
Parametro de comando lanzado URV
940 ## -
T&íacute;tulo uniforme <a href="UAB">UAB</a>
942 ## - ENTRADA DE ELEMENTOS AGREGADOS (KOHA)
Fuente de clasificaión o esquema
Koha [por defecto] tipo de item Monografies
Fons
Suprimido Perdido Estropeado No para pr&eacute;stamo Localizaci&oacute;n permanente Localizaci&oacute;n actual Fecha adquisici&oacute;n Fuente de adquisici&oacute;n Coste, precio normal de compra Pr&eacute;stamos totales Signatura completa C&oacute;digo de barras Fecha &uacute;ltima consulta Fecha del precio de reemplazo Tipo de item de Koha
        Centre de Documentació Montserrat Roig Centre de Documentació Montserrat Roig 2021-12-01 Donació 6.00   Di 5/49 CDMR21120012 2021-12-01 2021-12-01 Monografies

Implantat amb Koha